Vybrané aspekty marketingu v kontexte systému vzdelávania SR
Vzdelávanie je služba, ktorá je poskytovaná na špecifickom trhu vysokoškolského vzdelávania. Trh vysokoškolského vzdelávania. Dopyt po vzdelávacích službách. V súčasnosti sa medzi jednotlivými vysokými školami vytvára konkurenčný boj o zákazníka - študenta.. Marketing a implementácia marketingovej t...
Saved in:
| Main Author: | |
|---|---|
| Format: | Book Chapter |
| Language: | Slovak |
| Subjects: | |
| Tags: |
No Tags, Be the first to tag this record!
|
MARC
| LEADER | 00000nla$a2200000$$$4500 | ||
|---|---|---|---|
| 001 | 0087506 | ||
| 005 | 20240502072000.5 | ||
| 041 | 0 | |a slo | |
| 044 | |a SK | ||
| 245 | 1 | 0 | |a Vybrané aspekty marketingu v kontexte systému vzdelávania SR |c Jana Jurková |
| 520 | |a Vzdelávanie je služba, ktorá je poskytovaná na špecifickom trhu vysokoškolského vzdelávania. Trh vysokoškolského vzdelávania. Dopyt po vzdelávacích službách. V súčasnosti sa medzi jednotlivými vysokými školami vytvára konkurenčný boj o zákazníka - študenta.. Marketing a implementácia marketingovej teórie do praxe slovenských vysokých škôl je spôsobom ako upevňovať svoje postavenie na trhu a zároveň je faktorom pre získavanie konkurenčných výhod oproti konkurentom. | ||
| 610 | 2 | 0 | |a vzdelávanie |
| 610 | 2 | 0 | |a školy vysoké |
| 610 | 2 | 0 | |a trhy |
| 610 | 2 | 0 | |a konkurencia |
| 610 | 2 | 0 | |a výhody konkurenčné |
| 610 | 2 | 0 | |a marketing |
| 100 | 1 | |a Jurková, Jana | |